LEADER 01152nam0-22003371i-450- 001 990007374940403321 005 20141201193600.0 035 $a000737494 035 $aFED01000737494 035 $a(Aleph)000737494FED01 035 $a000737494 100 $a20021128d1999----km-y0itay50------ba 101 0 $aita 102 $aIT 105 $a----a---001cy 200 1 $aSupra acqua et supra ad vento$esuperstizioni, maleficia e incantamenta nei predicatori francescani Osservanti, Italia, sec. 15.$fMarina Montesano 210 $aRoma$cIstituto storico italiano per il Medio Evo$d1999 215 $aXX,224 p.$d26 cm 225 1 $aNuovi studi storici$fIstituto storico italiano per il Medioevo$v46$xISSN 0391-8475 610 0 $aMagia - Stregoneria - Malefici 610 0 $aFrancescani osservanti - Predicazione - Sec. 15. 676 $a945.05$v21$zita 676 $a398$v21$zita 700 1$aMontesano,$bMarina$0166771 801 0$aIT$bUNINA$gRICA$2UNIMARC 901 $aBK 912 $a990007374940403321 952 $a945.05 NSS 1$bBibl. 41621$fFLFBC 959 $aFLFBC 996 $aSupra acqua et supra ad vento$9692954 997 $aUNINA LEADER 01078nam0-2200277 --450 001 9910899398303321 005 20241106130049.0 100 $a20241106d1974----kmuy0itay5050 ba 101 0 $aita 102 $aIT 105 $af 001yy 200 1 $aIniziative di riordinamento fondiario nel Friuli-Venezia Giulia$estudio eseguito con il contributo finanziario del Consiglio nazionale delle ricerche 210 $aBologna$cCooperativa libraria universitaria editrice$d1974 215 $aXI, 76 p.$ctav.$d28 cm 300 $aIn testa al frontespizio: Università degli studi di Bologna, Istituto di estimo rurale e contabilità, Facoltà di agraria . 610 0 $aProprietà fondiaria$aRiordinamento$aFriuli-Venezia Giulia 676 $a333.3$v17$zita 676 $a333.3$v18$zita 700 1$aAlvisi,$bFranco$071977 801 0$aIT$bUNINA$gREICAT$2UNIMARC 901 $aBK 912 $a9910899398303321 952 $aA AGR 1689$b14479/2024$fFAGBC 959 $aFAGBC 996 $aIniziative di riordinamento fondiario nel Friuli-Venezia Giulia$94212578 997 $aUNINA